Εκκλησία και περιβάλλον

Saved in:
Bibliographic Details
Main Author: Δρακάτος, Παναγιώτης Α., 1936-
Format: Book
Language:Greek
Published: Πάτρα : Σ. Γαλιάτσος, 1996-1997.
Subjects:
Tags: Add Tag
No Tags, Be the first to tag this record!

MARC

LEADER 00000cam a2200000 i 4500
001 1/51728
008 040317m19961997gr | ||| |||| ||gre||
020 |a 9609053408 ((set)) 
020 |a 9609053416 
035 |l 10072801 
040 |a GR-MyUA  |b gre  |e AACR2 
041 0 |a gre 
082 0 |a 261.8362 
100 1 |a Δρακάτος, Παναγιώτης Α.,   |d 1936- 
245 1 0 |a Εκκλησία και περιβάλλον /   |c Παναγιώτου Α. Δρακάτου.  
260 |a Πάτρα :   |b Σ. Γαλιάτσος,   |c 1996-1997.  
300 |a 2 τ. :   |b εγχρ. εικ. ;   |c 24 εκ.  
650 0 0 |a Ecology  |x Religious aspects  |x Christianity. 
852 |a INST  |b SAMOS  |e 20040317  |h 261.8362 ΔΡΑ  |p 005300023408  |q 005300023408  |t BK  |y 0  |z τ.1 
852 |a INST  |b SAMOS  |e 20050603  |h 261.8362 ΔΡΑ  |p 005300025125  |q 005300025125  |t BK  |y 0  |z τ.2 
852 |a INST  |b SAMOS  |e 20040317  |h 261.8362 ΔΡΑ  |p 005300023408  |q 005300023408  |t BK  |v τ.1:  |y 0  |z τ.1 
852 |a INST  |b SAMOS  |e 20050603  |h 261.8362 ΔΡΑ  |p 005300025125  |q 005300025125  |t BK  |v τ.2:  |y 0  |z τ.2 
853 |a INST  |b SAMOS  |h 261.8362 ΔΡΑ 
901 |a BIBL3-2005-2 
901 |a BIBL3-2004-1 
909 |a Σ  |b 114562 
909 |a Σ  |b 107273 
920 |a ΔΡΑΚΑΤΟΣ  |b ΠΑΝΑΓΙΩΤΗΣ  |y Σάμος  |z 2004-03 
970 |a ΜΑΛΑΓΑΡΗ  |b ΦΩΤΕΙΝΗ  |z 2004/03/17